[Event "RSA-ch U10"]
[Site "Gauteng"]
[Date "2017.04.07"]
[Round "5"]
[White "Senekal, Frederick Petrus"]
[Black "Baruch, Liam"]
[Result "1-0"]
[WhiteElo "1058"]
[BlackElo "1196"]
[PlyCount "65"]
[EventDate "2017.04.05"]
[EventType "swiss"]
[EventRounds "11"]
[EventCountry "RSA"]
[SourceTitle "CBM 177 Extra"]
[Source "ChessBase"]
[SourceDate "2017.04.27"]
[SourceVersion "1"]
[SourceVersionDate "2017.04.27"]
[SourceQuality "1"]

1. e4 e5 2. Nf3 Nc6 3. Bc4 Bc5 4. c3 Nf6 5. d4 exd4 6. cxd4 Bb4+ 7. Bd2 Bxd2+ 8. Nbxd2 d5 9. exd5 Nxd5 10. Qb3 Nce7 11. 0-0 0-0 12. Rfe1 Nb6 13. Rac1 Nxc4 14. Qxc4 c6 15. Nb3 Be6 16. Qc3 Nd5 17. Qc2 Nb4 18. Qb1 Bxb3 19. axb3 Qc7 20. Rc4 Nd5 21. Qe4 h6 22. Qxd5 Qxh2+ 23. Nxh2 cxd5 24. Rc5 Rfd8 25. Re5 Re8 26. Rcxd5 f6 27. Rxe8+ Rxe8 28. Kf1 Kf7 29. Rd7+ Re7 30. Rxe7+ Kxe7 31. Ke2 Kd6 32. Kd3 Kd5 33. Nf3 1-0

[Event "Wch U08"]
[Site "Batumi"]
[Date "2016.10.29"]
[Round "10"]
[White "Colev, Ivor"]
[Black "Senekal, Frederick Petrus"]
[Result "1/2-1/2"]
[WhiteElo "1431"]
[BlackElo "1757"]
[PlyCount "39"]
[EventDate "2016.10.19"]
[EventType "swiss"]
[EventRounds "11"]
[EventCountry "GEO"]
[SourceTitle "CBM 175 Extra"]
[Source "ChessBase"]
[SourceDate "2016.12.12"]
[SourceVersion "1"]
[SourceVersionDate "2016.12.12"]
[SourceQuality "1"]

1. e4 e5 2. Nf3 Nc6 3. d4 exd4 4. Nxd4 Bc5 5. Nb3 Bb6 6. Nc3 d6 7. Bc4 Nf6 8. Qe2 h6 9. Be3 Bxe3 10. Qxe3 0-0 11. f3 Re8 12. 0-0 Ne5 13. Be2 Be6 14. Nd4 Bd7 15. Qf2 Qe7 16. Rae1 Rac8 17. Nb3 a6 18. Rd1 Bc6 19. Nd4 Bd7 20. Nb3 1/2-1/2

[Event "RSA-ch U08"]
[Site "Bloemfontein"]
[Date "2016.03.23"]
[Round "7"]
[White "Senekal, Frederick Petrus"]
[Black "Olkers, Declan"]
[Result "1-0"]
[WhiteElo "779"]
[BlackElo "781"]
[PlyCount "68"]
[EventDate "2016.03.20"]
[EventType "swiss"]
[EventRounds "11"]
[EventCountry "RSA"]
[SourceTitle "CBM 171 Extra"]
[Source "ChessBase"]
[SourceDate "2016.04.26"]
[SourceVersion "1"]
[SourceVersionDate "2016.04.26"]
[SourceQuality "1"]

1. e4 e5 2. Nf3 Nc6 3. Bc4 Bc5 4. 0-0 Nf6 5. d3 h6 6. Nc3 0-0 7. Qe2 d6 8. h3 Be6 9. Bxe6 fxe6 10. Be3 Bxe3 11. Qxe3 Re8 12. Rfe1 d5 13. exd5 exd5 14. Qe2 Qd6 15. a3 Rad8 16. Rad1 Nd4 17. Qe3 Nxc2 18. Qd2 Nxe1 19. Rxe1 d4 20. Ne4 Nxe4 21. Rxe4 Re7 22. Qe2 Rde8 23. Nd2 Qc6 24. Nc4 Qd5 25. f4 b5 26. Nd2 Qd6 27. f5 Rf8 28. g4 Rc8 29. b4 c5 30. bxc5 Rxc5 31. Qe1 Rec7 32. Qe2 Rc3 33. Qg2 R7c4 34. dxc4 bxc4 1-0